| 000 -LEADER |
| fixed length control field |
01946cas a2200505 a 4500 |
| 001 - CONTROL NUMBER |
| control field |
14994782 |
| 003 - CONTROL NUMBER IDENTIFIER |
| control field |
NUST |
| 005 - DATE AND TIME OF LATEST TRANSACTION |
| control field |
20191030112931.0 |
| 008 - FIXED-LENGTH DATA ELEMENTS--GENERAL INFORMATION |
| fixed length control field |
070905c20059999iluar 0 0eng d |
| 010 ## - LIBRARY OF CONGRESS CONTROL NUMBER |
| LC control number |
2008205584 |
| 035 ## - SYSTEM CONTROL NUMBER |
| System control number |
(OCoLC)ocm85566459 |
| 037 ## - SOURCE OF ACQUISITION |
| Source of stock number/acquisition |
Kaplan AEC Education, 30 South Wacker Drive, Suite 2500, Chicago, IL 60660-7481 |
| 038 ## - RECORD CONTENT LICENSOR |
| Staff Name |
MSOHAIL |
| 040 ## - CATALOGING SOURCE |
| Original cataloging agency |
AAA |
| Language of cataloging |
eng |
| Transcribing agency |
DLC |
| Modifying agency |
AAA |
| -- |
OCLCQ |
| -- |
OCLCF |
| 042 ## - AUTHENTICATION CODE |
| Authentication code |
lccopycat |
| 043 ## - GEOGRAPHIC AREA CODE |
| Geographic area code |
n-us--- |
| 050 00 - LIBRARY OF CONGRESS CALL NUMBER |
| Classification number |
NA123 |
| Item number |
.B85 |
| 082 ## - DEWEY DECIMAL CLASSIFICATION NUMBER |
| Classification number |
0 |
| 100 ## - MAIN ENTRY--PERSONAL NAME |
| Personal name |
Iver H. Seeley |
| 9 (RLIN) |
25038 |
| 245 00 - TITLE STATEMENT |
| Title |
Building technology. |
| 250 ## - EDITION STATEMENT |
| Edition statement |
5th |
| 260 ## - PUBLICATION, DISTRIBUTION, ETC. |
| Place of publication, distribution, etc. |
England : |
| Name of publisher, distributor, etc. |
Palgrame |
| Date of publication, distribution, etc. |
1995 |
| 300 ## - PHYSICAL DESCRIPTION |
| Extent |
p;336 : |
| Other physical details |
illustrations ; |
| Dimensions |
28 cm |
| 310 ## - CURRENT PUBLICATION FREQUENCY |
| Current publication frequency |
Annual |
| 336 ## - CONTENT TYPE |
| Content type term |
text |
| Content type code |
txt |
| Source |
rdacontent |
| 337 ## - MEDIA TYPE |
| Media type term |
unmediated |
| Media type code |
n |
| Source |
rdamedia |
| 338 ## - CARRIER TYPE |
| Carrier type term |
volume |
| Carrier type code |
nc |
| Source |
rdacarrier |
| 362 1# - DATES OF PUBLICATION AND/OR SEQUENTIAL DESIGNATION |
| Dates of publication and/or sequential designation |
Began in 1999. |
| 588 ## - SOURCE OF DESCRIPTION NOTE |
| Source of description note |
Description based on: 2006. |
| 588 ## - SOURCE OF DESCRIPTION NOTE |
| Source of description note |
Latest issue consulted: 2007. |
| 650 #0 - SUBJECT ADDED ENTRY--TOPICAL TERM |
| Topical term or geographic name entry element |
Architecture |
| Geographic subdivision |
United States |
| General subdivision |
Examinations |
| Form subdivision |
Study guides |
| -- |
Periodicals. |
| 9 (RLIN) |
25039 |
| 650 #0 - SUBJECT ADDED ENTRY--TOPICAL TERM |
| Topical term or geographic name entry element |
Architects |
| General subdivision |
Certification |
| Geographic subdivision |
United States |
| Form subdivision |
Examinations, questions, etc. |
| -- |
Periodicals. |
| 9 (RLIN) |
25040 |
| 650 #0 - SUBJECT ADDED ENTRY--TOPICAL TERM |
| Topical term or geographic name entry element |
Architecture Registration Examination |
| Form subdivision |
Study guides |
| -- |
Periodicals. |
| 9 (RLIN) |
25041 |
| 650 #7 - SUBJECT ADDED ENTRY--TOPICAL TERM |
| Topical term or geographic name entry element |
Architects |
| General subdivision |
Certification. |
| Source of heading or term |
fast |
| Authority record control number or standard number |
(OCoLC)fst00813120 |
| 9 (RLIN) |
25042 |
| 650 #7 - SUBJECT ADDED ENTRY--TOPICAL TERM |
| Topical term or geographic name entry element |
Architecture |
| General subdivision |
Examinations. |
| Source of heading or term |
fast |
| Authority record control number or standard number |
(OCoLC)fst00813433 |
| 9 (RLIN) |
25043 |
| 651 #7 - SUBJECT ADDED ENTRY--GEOGRAPHIC NAME |
| Geographic name |
United States. |
| Source of heading or term |
fast |
| Authority record control number or standard number |
(OCoLC)fst01204155 |
| 9 (RLIN) |
7952 |
| 655 #7 - INDEX TERM--GENRE/FORM |
| Genre/form data or focus term |
Examinations. |
| Source of term |
fast |
| Authority record control number |
(OCoLC)fst01423780 |
| 9 (RLIN) |
24863 |
| 655 #7 - INDEX TERM--GENRE/FORM |
| Genre/form data or focus term |
Periodicals. |
| Source of term |
fast |
| Authority record control number |
(OCoLC)fst01411641 |
| 9 (RLIN) |
25044 |
| 655 #7 - INDEX TERM--GENRE/FORM |
| Genre/form data or focus term |
Study guides. |
| Source of term |
fast |
| Authority record control number |
(OCoLC)fst01423888 |
| 9 (RLIN) |
24862 |
| 710 2# - ADDED ENTRY--CORPORATE NAME |
| Corporate name or jurisdiction name as entry element |
Kaplan AEC Architecture. |
| 9 (RLIN) |
25045 |
| 906 ## - LOCAL DATA ELEMENT F, LDF (RLIN) |
| a |
7 |
| b |
cbc |
| c |
serials |
| d |
2 |
| e |
ncip |
| f |
20 |
| g |
n-oclcserc |
| 942 ## - ADDED ENTRY ELEMENTS (KOHA) |
| Source of classification or shelving scheme |
|
| Koha item type |
Book |